| 000 | 00566nam a22002177a 4500 | ||
|---|---|---|---|
| 003 | OSt | ||
| 005 | 20140310184527.0 | ||
| 008 | 121113t xxu||||| |||| 00| 0 eng d | ||
| 020 | _a043931951x | ||
| 020 | _a9780439319515 | ||
| 050 |
_aPZ 7 _b.B146d5 2002 |
||
| 100 |
_aBaglio, Ben M. _95246 |
||
| 245 |
_aChasing the dream / _cBen M. Baglio. |
||
| 260 |
_aNew York : _bScholastic Inc., _c2001. |
||
| 300 |
_a153 p. : _c20 cm. _bill. ; |
||
| 521 | _aG5 | ||
| 526 | _c740 | ||
| 650 |
_aFiction _xDolphins _930369 |
||
| 942 |
_2lcc _cBK-SCHOLAS |
||
| 999 |
_c35160 _d35160 |
||